banner koha

Aplicação do conceito de proteína ideal para redução dos níveis de proteína em dietas para tilápia-do-Nilo (Oreocromis niloticus) (Registro n. 184786)

MARC details
000 -LÍDER
campo de controle de tamanho fixo 01087nas a2200361 4500
001 - NÚMERO DE CONTROLE
campo de controle BR0600551
003 - IDENTIFICADOR DO NÚMERO DE CONTROLE
campo de controle BR-BrBNA
005 - DATA E HORÁRIO DA ÚLTIMA TRANSAÇÃO
campo de controle 20231205105816.0
007 - CAMPO FIXO DE DESCRIÇÃO FÍSICA--INFORMAÇÃO GERAL
campo de controle de tamanho fixo ta
008 - CAMPO DE DADOS FIXOS--INFORMAÇÃO GERAL
campo de controle de tamanho fixo 230509b bl.|||p| |||| 00| 00por d
040 ## - FONTE DA CATALOGAÇÃO
Instituição da catalogação original BR-BrBNA
Idioma da catalogação por
Instituição que transcreveu o registro Biblioteca Nacional de Agricultura
041 ## - CÓDIGO DE IDIOMA
Código do idioma do texto/trilha sonora ou título diferente (Pt)
072 ## - CÓDIGO DE CATEGORIA DE ASSUNTO
Código de Categoria de Assunto L02; L01
100 1# - ENTRADA PRINCIPAL--NOME PESSOAL
Nome pessoal Furuya, W.M.
100 1# - ENTRADA PRINCIPAL--NOME PESSOAL
Nome pessoal Botaro, D.
100 1# - ENTRADA PRINCIPAL--NOME PESSOAL
Nome pessoal Macedo, R.M.G. de
100 1# - ENTRADA PRINCIPAL--NOME PESSOAL
Nome pessoal Santos, V.G. dos
100 1# - ENTRADA PRINCIPAL--NOME PESSOAL
Nome pessoal Silva, L.C.R.
100 1# - ENTRADA PRINCIPAL--NOME PESSOAL
Nome pessoal Silva, T. de C.
100 1# - ENTRADA PRINCIPAL--NOME PESSOAL
Nome pessoal Furuya, V.R.B.
100 1# - ENTRADA PRINCIPAL--NOME PESSOAL
Nome pessoal Sales, P.J.P.
245 1# - TÍTULO
Título Aplicação do conceito de proteína ideal para redução dos níveis de proteína em dietas para tilápia-do-Nilo (Oreocromis niloticus)
650 ## - ASSUNTO--TERMO TÓPICO
Cabeçalho tópico ou nome geográfico TILÁPIA
650 ## - ASSUNTO--TERMO TÓPICO
Cabeçalho tópico ou nome geográfico DIETA
650 ## - ASSUNTO--TERMO TÓPICO
Cabeçalho tópico ou nome geográfico CARCAÇA
650 ## - ASSUNTO--TERMO TÓPICO
Cabeçalho tópico ou nome geográfico PROTEÍNA
650 ## - ASSUNTO--TERMO TÓPICO
Cabeçalho tópico ou nome geográfico PRODUÇÃO
650 ## - ASSUNTO--TERMO TÓPICO
Cabeçalho tópico ou nome geográfico PERFORMANCE
650 ## - ASSUNTO--TERMO TÓPICO
Cabeçalho tópico ou nome geográfico FIBRA ANIMAL
773 0# - ENTRADA ANALÍTICA
Título Revista Brasileira de Zootecnia (Brazil)
ISSN - International Standard Serial Number ISSN 1516-3598
Partes relacionadas (Sep-Oct 2005), v. 34(5) p. 1433-1441
Número de controle do registro BR0600551
909 ## -
-- 202311
-- Lúcia
-- 55
-- Lúcia Elande
942 ## - ELEMENTOS DE ENTRADA ADICIONADOS (KOHA)
Fonte da classificação ou esquema de arquivamento na estante Classificação AGRIS
Ocultar no OPAC Não
Tipo de material Koha Analítica
Exemplares
Situação do descarte Fonte da classificação ou esquema de arquivamento na estante Situação física Não pode ser emprestado Biblioteca de origem Biblioteca atual Localização na estante Enumeração do periódico / cronologia Total de empréstimos Data de último acesso Número do exemplar Tipo de material Koha Fonte de aquisição
  Classificação AGRIS   Consulta local Biblioteca Nacional de Agricultura - Binagri Biblioteca Nacional de Agricultura - Binagri   (Sep-Oct 2005), v. 34(5) p. 1433-1441   29/11/2023 01 Periódicos Portaria Interministerial nº 164/94

BINAGRI

Telefone: (61)3218-2567/2388/3357/2097 - binagri@agro.gov.br

Ministério da Agricultura e Pecuária , Esplanada dos Ministérios, Bloco D, Anexo B, Brasília/DF, CEP: 70.043-900